| 000 | 01428naa a22003497a 4500 | ||
|---|---|---|---|
| 001 | BR6009846 | ||
| 003 | BR-BrBNA | ||
| 005 | 20240918173117.0 | ||
| 007 | ta | ||
| 008 | 230509b bl.||||| |||| 00| 0 por d | ||
| 040 |
_aBR-BrBNA _bpor _cBiblioteca Nacional de Agricultura |
||
| 041 | _a(Pt) | ||
| 072 |
_aE70 _b3575 _b1800 _bG514 |
||
| 090 | _aE70 BR6009846 | ||
| 100 | 1 | _aSouza, A.P. de M. e | |
| 111 | 1 |
_a4. Reuniao de Fitossanitaristas do Brasil _cRio de Janeiro, GB (Brazil) _d21 Oct 1957 |
|
| 245 | 1 | _aExame das importacoes de sementes olericolas em Santos [Sao Paulo; Brasil] | |
| 260 | 3 |
_aRio de Janeiro, GB (Brasil): _c1958. |
|
| 500 | _aDepartamento Nacional da Producao Vegetal, Rio de Janeiro, GB (Brazil). Div. de Defesa Sanitaria Vegetal Anais da 4. Reuniao de Fitossanitaristas do Brasil Rio de Janeiro, GB (Brasil): 1958. p. 103-105 (BR6009846-AM)E70 | ||
| 650 | _aComercializacao | ||
| 650 | _aSemente | ||
| 650 | _aLegume | ||
| 650 | _aImportacao | ||
| 650 | _aInspecao sanitaria | ||
| 650 | _aDesinfeccao | ||
| 650 | _aControle de qualidade | ||
| 650 | _aSantos | ||
| 650 | _aSao Paulo | ||
| 773 | 0 |
_tAnais da 4. Reuniao de Fitossanitaristas do Brasil _aDepartamento Nacional da Producao Vegetal, Rio de Janeiro, GB (Brazil). Div. de Defesa Sanitaria Vegetal _wE70 BR6009846 _gRio de Janeiro, GB (Brasil), 1958. p. 103-105 |
|
| 909 |
_a202404 _bLucia _c55 _dLucia Elande |
||
| 942 |
_cAM _2AGRIS |
||
| 999 |
_c302927 _d302927 |
||